000 00344nam a2200145Ia 4500
008 230917s9999||||xx |||||||||||||| ||und||
040 _e129301
_aMAIN
041 _aEnglish
082 _a152 P653B
100 _aPinel, John P J
245 0 _aBiopsychology
260 _aNew Delhi
_bpearson education
_c2006
300 _a552 p.
942 _cBK
999 _c154175
_d154175